00491nam a22001337a 4500003000200000005001700002008004100019020002200060050002700082245010500109260006400214300003000278650004900308020230811134821.0230811b xxu||||| |||| 00| 0 eng d a978-971-560-900-7 aPL 6062.4 b.Ar83 2022 aAruga : mga sanaysay ng pagtanggap at paglingapcRommel B. Rodriguez, Ferdinand P. Jarin, mga editor aManila bUniversity of Santo Tomas Publishing Housecc2022. axviii, 278 pp. ; c23 cm. aPhilippine essays (Filipino) - Collections.